Guess the 1960s song lyrics #90 - Statistics

General Stats
  • This quiz has been taken 26 times
  • The average score is 145 of 273
Answer Stats
Answer % Correct
a
96%
In
96%
in
96%
the
96%
The
96%
man
92%
Man
92%
be
83%
If
83%
if
83%
is
83%
Is
83%
no
83%
and
79%
And
79%
can
79%
do
79%
He
79%
he
79%
year
79%
2525
75%
alive
75%
They
75%
for
71%
For
71%
it
71%
still
71%
to
71%
you
71%
You
71%
that
67%
then
67%
where
67%
it's
63%
of
63%
time
63%
what
63%
your
63%
Your
63%
at
58%
by
58%
has
58%
his
58%
I'm
58%
Now
58%
survive
58%
this
58%
woman
58%
From
54%
got
54%
only
54%
say
54%
So
54%
too
54%
3535
50%
4545
50%
are
50%
But
50%
Everything
50%
everything
50%
may
50%
won't
50%
Day
46%
find
46%
gonna
46%
He's
46%
need
46%
nothing
46%
Or
46%
5555
42%
6565
42%
been
42%
give
42%
long
42%
never
42%
Some
42%
thing
42%
think
42%
Zager and Evans
42%
eyes
38%
night
38%
away
33%
down
33%
he'll
33%
He'll
33%
knew
33%
make
33%
put
33%
again
29%
far
29%
head
29%
today
29%
took
29%
very
29%
years
29%
Ain't
25%
ain't
25%
around
25%
cried
25%
earth
25%
look
25%
old
25%
taken
25%
tear
25%
tell
25%
ten
25%
thousand
25%
tube
25%
You'll
25%
7510
21%
8510
21%
9595
21%
arms
21%
back
21%
chew
21%
doin
21%
lies
21%
man's
21%
Maybe
21%
pill
21%
tears
21%
through
21%
wonderin
21%
billion
17%
bottom
17%
comin
17%
glass
17%
God
17%
legs
17%
truth
17%
daughter
13%
hanging
13%
kinda
13%
limp
13%
machine
13%
pick
13%
son
13%
start
13%
teeth
13%
God's
8%
Guess
8%
husband
8%
Judgement
8%
ought
8%
pleased
8%
reign
8%
shake
8%
sides
8%
starlight
8%
twinkling
8%
wife
8%
yesterday
8%
either
4%
eternal
4%
himself
4%
mighty
4%
Nobody's
4%
No matching quizzes found
Score Distribution
Percent of People with Each Score
Percentile by Number Answered
Your Score History
You have not taken this quiz